| 000 | 00532nam a22001937a 4500 | ||
|---|---|---|---|
| 003 | OSt | ||
| 005 | 20230301122315.0 | ||
| 008 | 230301b |||||||| |||| 00| 0 eng d | ||
| 020 | _a978-81-921263-1-9 | ||
| 040 | _cSBCL | ||
| 082 |
_a158.1 _bKOT-M |
||
| 100 | _aKottaram, S Sebin | ||
| 245 | _aManasakthiyiloode Jeevithavijayam | ||
| 260 |
_aKottayam _bDolphin Books India Media Group _c2018 |
||
| 300 | _a146p. | ||
| 630 | _xGeneral Stack | ||
| 650 |
_2Philosophy & psychology _aPsychology _vApplied psychology |
||
| 942 | _cBOOK | ||
| 999 |
_c135589 _d135589 |
||